000 00579nam a2200181 i 4500
001 70002
003 ES-MaACL
005 20230906170703.0
007 t|
008 040714s1967 sp ||||1| spa d
100 1 _aPgarcía.
_991645
245 1 0 _aA estribor, la Costa blanca
_b: (literatura de cabotaje) /
_cJosé García Martínez, Baldo Ferrer, Tomás Lorente.
260 _a[Murcia :
_bs.n.,
_c1967] (
_fBelmar)
300 _aVI, 114 p., 12 lám. ;
_c22 cm.
700 1 _aFerrer, Baldo.
_950409
700 1 _aLorente, Tomás.
_974110
852 _aES-MaACL
_jC-33047
_bR.63889
999 _c70002
_d70002